[Event "FIDE Online-ch U10 Girls 2020"]
[Site "Online"]
[Date "2020.12.19"]
[Round "2.2"]
[White "Kaliakhmet, Elnaz"]
[Black "Smietanska, Wiktoria"]
[Result "1-0"]
[WhiteElo "1426"]
[BlackElo "2013"]
[Annotator "NA"]
[PlyCount "117"]
[EventDate "2020.12.18"]
[EventType "k.o."]
[EventCountry "NET"]
[SourceTitle "playchess.com"]
[Source "ChessBase"]
[SourceQuality "1"]

1. d4 {[%emt 0:00:00]} Nf6 {[%emt 0:00:03]} 2. c4 {[%emt 0:00:04]} g6 {[%emt 0:00:02]} 3. Nc3 {[%emt 0:00:03]} Bg7 {[%emt 0:00:01]} 4. e4 {[%emt 0:00:04]} d6 {[%emt 0:00:02]} 5. Be2 {[%emt 0:00:04]} O-O {[%emt 0:00:02]} 6. Bg5 {[%emt 0:00:06]} c5 {[%emt 0:00:02]} 7. d5 {[%emt 0:00:07]} e6 {[%emt 0:00:03]} 8. Qd2 {[%emt 0:00:14]} exd5 {[%emt 0:00:04]} 9. exd5 {[%emt 0:00:05]} Qb6 {[%emt 0:00:05]} 10. Nf3 {[%emt 0:00:14]} Bf5 {[%emt 0:00:09]} 11. O-O {[%emt 0:05:16]} Ne4 {[%emt 0:02:28]} 12. Nxe4 {[%emt 0:00:05]} Bxe4 {[%emt 0:00:03]} 13. Rae1 {[%emt 0:03:20]} Bf5 {[%emt 0:03:33]} 14. Nh4 {[%emt 0:00:33]} Bd7 {[%emt 0:00:39]} 15. b3 {[%emt 0:00:12]} Na6 {[%emt 0:00:38]} 16. Bd3 {[%emt 0:00:46]} Rfe8 {[%emt 0:00:18]} 17. Nf3 {[%emt 0:00:21]} Bg4 {[%emt 0:01:04]} 18. Qf4 {[%emt 0:00:48]} Bxf3 {[%emt 0:00:36]} 19. Qxf3 {[%emt 0:00:05]} Nb4 {[%emt 0:01:23]} 20. Bb1 {[%emt 0:00:08]} Qa6 {[%emt 0:02:43]} 21. a4 {[%emt 0:00:24]} Qa5 {[%emt 0:00:58]} 22. Bd2 {[%emt 0:01:46]} Qc7 {[%emt 0:01:02]} 23. Re2 {[%emt 0:01:08]} Rxe2 {[%emt 0:02:15]} 24. Qxe2 {[%emt 0:00:02]} Bf8 {[%emt 0:00:22]} 25. Re1 {[%emt 0:00:19]} Qd8 {[%emt 0:00:13]} 26. h3 {[%emt 0:00:23]} Qf6 {[%emt 0:00:12]} 27. Qe3 {[%emt 0:00:27]} Qb2 {[%emt 0:00:17]} 28. Qc3 {[%emt 0:00:14]} Qxc3 {[%emt 0:00:05]} 29. Bxc3 {[%emt 0:00:03]} Rd8 {[%emt 0:00:13]} 30. Bf6 {[%emt 0:00:08]} Rc8 {[%emt 0:00:08]} 31. f3 {[%emt 0:00:15]} a6 {[%emt 0:00:08]} 32. Bc3 {[%emt 0:01:35]} b5 {[%emt 0:00:15]} 33. axb5 {[%emt 0:00:03]} axb5 {[%emt 0:00:03]} 34. Bxb4 {[%emt 0:00:04]} cxb4 {[%emt 0:00:02]} 35. cxb5 {[%emt 0:00:02]} Rc5 {[%emt 0:00:10]} 36. Bd3 {[%emt 0:00:06]} Rxd5 {[%emt 0:00:25]} 37. b6 {[%emt 0:00:42]} Re5 {[%emt 0:00:05]} 38. Ra1 {[%emt 0:00:21]} Re8 {[%emt 0:00:09]} 39. b7 {[%emt 0:00:07]} Rb8 {[%emt 0:00:08]} 40. Be4 {[%emt 0:00:02]} d5 {[%emt 0:00:13]} 41. Bxd5 {[%emt 0:00:03]} Bd6 {[%emt 0:00:03]} 42. Bc6 {[%emt 0:00:09]} Kg7 {[%emt 0:00:06]} 43. Kf2 {[%emt 0:00:06]} Kf6 {[%emt 0:00:03]} 44. Re1 {[%emt 0:00:08]} Bc5+ {[%emt 0:00:11]} 45. Kg3 {[%emt 0:00:06]} Be7 {[%emt 0:00:11]} 46. Ra1 {[%emt 0:00:16]} Bd6+ {[%emt 0:00:06]} 47. Kf2 {[%emt 0:00:07]} Ke5 {[%emt 0:00:07]} 48. Ra5+ {[%emt 0:00:16]} Kd4 {[%emt 0:00:04]} 49. Rd5+ {[%emt 0:00:03]} Kc3 {[%emt 0:00:04]} 50. Rxd6 {[%emt 0:00:02]} Kxb3 {[%emt 0:00:01]} 51. Rd7 {[%emt 0:00:05]} Kc2 {[%emt 0:00:04]} 52. Rc7 {[%emt 0:00:05]} b3 {[%emt 0:00:02]} 53. Rc8 {[%emt 0:00:03]} b2 {[%emt 0:00:07]} 54. Rxb8 {[%emt 0:00:05]} f5 {[%emt 0:00:22]} 55. Rc8 {[%emt 0:00:02]} b1=Q {[%emt 0:00:10]} 56. Be4+ {[%emt 0:00:06]} Kb2 {[%emt 0:00:05]} 57. b8=Q+ {[%emt 0:00:07]} Ka2 {[%emt 0:00:03]} 58. Qxb1+ {[%emt 0:00:03]} Ka3 {[%emt 0:00:02]} 59. Ra8# {[%emt 0:00:02]} 1-0

[Event "FIDE Online-ch U10 Girls 2020"]
[Site "Online"]
[Date "2020.12.19"]
[Round "2.2"]
[White "Shreya G Hipparagi"]
[Black "Vidyarthi, Omya"]
[Result "1-0"]
[WhiteElo "1273"]
[BlackElo "1709"]
[Annotator "NA"]
[PlyCount "67"]
[EventDate "2020.12.18"]
[EventType "k.o."]
[EventCountry "NET"]
[SourceTitle "playchess.com"]
[Source "ChessBase"]
[SourceQuality "1"]

1. e4 {[%emt 0:00:00]} e5 {[%emt 0:00:03]} 2. Nf3 {[%emt 0:00:03]} Nc6 {[%emt 0:00:02]} 3. Bb5 {[%emt 0:00:02]} a6 {[%emt 0:00:04]} 4. Bxc6 {[%emt 0:00:01]} dxc6 {[%emt 0:00:02]} 5. O-O {[%emt 0:00:02]} f6 {[%emt 0:00:06]} 6. h3 {[%emt 0:00:05]} Bc5 {[%emt 0:00:26]} 7. Qe2 {[%emt 0:00:07]} Be6 {[%emt 0:00:19]} 8. c3 {[%emt 0:00:17]} Ne7 {[%emt 0:00:11]} 9. Rd1 {[%emt 0:00:02]} O-O {[%emt 0:00:22]} 10. d4 {[%emt 0:00:09]} exd4 {[%emt 0:00:07]} 11. cxd4 {[%emt 0:00:02]} Ba7 {[%emt 0:00:36]} 12. Nc3 {[%emt 0:00:03]} Qd7 {[%emt 0:00:39]} 13. Bf4 {[%emt 0:00:11]} Rad8 {[%emt 0:00:27]} 14. Rd2 {[%emt 0:00:10]} Rfe8 {[%emt 0:00:11]} 15. Rad1 {[%emt 0:00:07]} Qc8 {[%emt 0:00:13]} 16. Qf1 {[%emt 0:00:32]} Bf7 {[%emt 0:01:26]} 17. Bg3 {[%emt 0:00:31]} Bh5 {[%emt 0:00:22]} 18. Qc4+ {[%emt 0:00:20]} Bf7 {[%emt 0:00:21]} 19. Qb4 {[%emt 0:00:18]} Bh5 {[%emt 0:01:07]} 20. Rd3 {[%emt 0:01:38]} f5 {[%emt 0:01:16]} 21. Be5 {[%emt 0:02:23]} fxe4 {[%emt 0:00:40]} 22. Nxe4 {[%emt 0:00:09]} Nd5 {[%emt 0:00:07]} 23. Qe1 {[%emt 0:00:26]} Rf8 {[%emt 0:01:16]} 24. Qd2 {[%emt 0:03:37]} Bg6 {[%emt 0:00:50]} 25. Qg5 {[%emt 0:00:48]} Rf7 {[%emt 0:00:56]} 26. Re1 {[%emt 0:00:37]} Re8 {[%emt 0:01:05]} 27. Nh4 {[%emt 0:00:35]} Bxe4 {[%emt 0:00:17]} 28. Rxe4 {[%emt 0:00:08]} Qd7 {[%emt 0:00:43]} 29. Rg3 {[%emt 0:00:40]} c5 {[%emt 0:01:24]} 30. Bxg7 {[%emt 0:01:46]} Rxg7 {[%emt 0:00:51]} 31. Rxe8+ {[%emt 0:00:06]} Kf7 {[%emt 0:00:04]} 32. Qxg7+ {[%emt 0:00:13]} Kxe8 {[%emt 0:00:02]} 33. Qg8+ {[%emt 0:00:02]} Ke7 {[%emt 0:00:04]} 34. Rg7+ {[%emt 0:00:01]} 1-0

[Event "FIDE Online-ch U10 Girls 2020"]
[Site "Online"]
[Date "2020.12.19"]
[Round "2.3"]
[White "Vidyarthi, Omya"]
[Black "Shreya G Hipparagi"]
[Result "1-0"]
[WhiteElo "1709"]
[BlackElo "1273"]
[Annotator "NA"]
[PlyCount "83"]
[EventDate "2020.12.18"]
[EventType "k.o."]
[EventCountry "NET"]
[SourceTitle "playchess.com"]
[Source "ChessBase"]
[SourceQuality "1"]

1. d4 {[%emt 0:10:13]} d5 {[%emt 0:11:12]} 2. Bf4 {[%emt 0:00:12]} Bf5 {[%emt 0:00:12]} 3. e3 {[%emt 0:00:11]} Nf6 {[%emt 0:00:12]} 4. Nf3 {[%emt 0:00:14]} e6 {[%emt 0:00:13]} 5. c4 {[%emt 0:00:11]} c6 {[%emt 0:00:12]} 6. Qb3 {[%emt 0:00:12]} Qa5+ {[%emt 0:00:17]} 7. Nc3 {[%emt 0:00:11]} Bb4 {[%emt 0:00:12]} 8. Be2 {[%emt 0:00:13]} Ne4 {[%emt 0:00:15]} 9. Rc1 {[%emt 0:00:12]} Bxc3+ {[%emt 0:00:13]} 10. bxc3 {[%emt 0:00:12]} Qb6 {[%emt 0:00:12]} 11. c5 {[%emt 0:00:13]} Qxb3 {[%emt 0:00:11]} 12. axb3 {[%emt 0:00:11]} Nd7 {[%emt 0:00:12]} 13. O-O {[%emt 0:00:12]} O-O {[%emt 0:00:12]} 14. h3 {[%emt 0:00:13]} a5 {[%emt 0:00:15]} 15. c4 {[%emt 0:00:23]} a4 {[%emt 0:00:15]} 16. cxd5 {[%emt 0:00:19]} exd5 {[%emt 0:00:15]} 17. bxa4 {[%emt 0:00:14]} Rxa4 {[%emt 0:00:12]} 18. Rfd1 {[%emt 0:00:13]} Ndf6 {[%emt 0:00:26]} 19. Ne5 {[%emt 0:00:14]} Rfa8 {[%emt 0:00:14]} 20. f3 {[%emt 0:00:15]} Ra2 {[%emt 0:00:23]} 21. fxe4 {[%emt 0:00:18]} Rxe2 {[%emt 0:00:13]} 22. exf5 {[%emt 0:00:11]} Raa2 {[%emt 0:00:13]} 23. Rb1 {[%emt 0:00:14]} Rxg2+ {[%emt 0:00:17]} 24. Kh1 {[%emt 0:00:12]} Nh5 {[%emt 0:00:17]} 25. Rxb7 {[%emt 0:00:13]} h6 {[%emt 0:00:15]} 26. Rb8+ {[%emt 0:00:13]} Kh7 {[%emt 0:00:16]} 27. Nxf7 {[%emt 0:00:13]} g6 {[%emt 0:00:18]} 28. fxg6+ {[%emt 0:00:18]} Kg7 {[%emt 0:00:40]} 29. Be5+ {[%emt 0:00:14]} Nf6 {[%emt 0:00:12]} 30. Rf1 {[%emt 0:00:13]} Kxg6 {[%emt 0:00:18]} 31. Rxf6+ {[%emt 0:00:24]} Kh5 {[%emt 0:00:15]} 32. Bf4 {[%emt 0:00:27]} Rg6 {[%emt 0:00:30]} 33. Rxg6 {[%emt 0:00:15]} Kxg6 {[%emt 0:00:11]} 34. Ne5+ {[%emt 0:00:11]} Kf5 {[%emt 0:00:12]} 35. Nxc6 {[%emt 0:00:12]} Ke4 {[%emt 0:00:11]} 36. Rb1 {[%emt 0:00:14]} Kf3 {[%emt 0:00:12]} 37. Ne7 {[%emt 0:00:12]} h5 {[%emt 0:00:15]} 38. c6 {[%emt 0:00:12]} Rc2 {[%emt 0:00:12]} 39. c7 {[%emt 0:00:11]} h4 {[%emt 0:00:12]} 40. c8=Q {[%emt 0:00:13]} Rc1+ {[%emt 0:00:15]} 41. Qxc1 {[%emt 0:00:14]} Kf2 {[%emt 0:00:18]} 42. Qf1# {[%emt 0:00:15]} 1-0

[Event "FIDE Online-ch U10 Girls 2020"]
[Site "Online"]
[Date "2020.12.19"]
[Round "3.1"]
[White "Vidyarthi, Omya"]
[Black "Bashirli, Saadat"]
[Result "1-0"]
[WhiteElo "1709"]
[BlackElo "1320"]
[Annotator "NA RC"]
[PlyCount "79"]
[EventDate "2020.12.18"]
[EventType "k.o."]
[EventCountry "NET"]
[SourceTitle "playchess.com"]
[Source "ChessBase"]
[SourceQuality "1"]

1. c4 {[%emt 0:00:00]} e6 {[%emt 0:00:03]} 2. e4 {[%emt 0:00:03]} Nc6 {[%emt 0:00:11]} 3. Nf3 {[%emt 0:00:07]} Nf6 {[%emt 0:00:14]} 4. Nc3 {[%emt 0:00:05]} Bb4 {[%emt 0:00:09]} 5. e5 {[%emt 0:00:05]} Ng8 {[%emt 0:00:06]} 6. d4 {[%emt 0:00:06]} f6 {[%emt 0:00:23]} 7. exf6 {[%emt 0:00:31]} Nxf6 {[%emt 0:00:06]} 8. Bg5 {[%emt 0:00:04]} O-O {[%emt 0:00:13]} 9. a3 {[%emt 0:00:13]} Bxc3+ {[%emt 0:00:26]} 10. bxc3 {[%emt 0:00:02]} d5 {[%emt 0:00:27]} 11. Bd3 {[%emt 0:00:11]} Qe8 {[%emt 0:00:22]} 12. Qc2 {[%emt 0:00:18]} h6 {[%emt 0:01:11]} 13. Bh4 {[%emt 0:00:36]} dxc4 {[%emt 0:00:40]} 14. Bxc4 {[%emt 0:00:07]} Kh8 {[%emt 0:00:08]} 15. O-O {[%emt 0:00:14]} Nd5 {[%emt 0:00:44]} 16. Bg3 {[%emt 0:00:39]} Qf7 {[%emt 0:00:36]} 17. Nh4 {[%emt 0:00:26]} Kg8 {[%emt 0:00:52]} 18. Bd3 {[%emt 0:00:35]} Nf6 {[%emt 0:00:40]} 19. Rfe1 {[%emt 0:01:07]} Rd8 {[%emt 0:01:51]} 20. Re2 {[%emt 0:00:52]} a6 {[%emt 0:02:41]} 21. a4 {[%emt 0:00:44]} Rb8 {[%emt 0:00:22]} 22. Rb1 {[%emt 0:00:37]} Na7 {[%emt 0:00:28]} 23. Bxa6 {[%emt 0:00:40]} g5 {[%emt 0:00:39]} 24. Nf3 {[%emt 0:00:21]} Nc6 {[%emt 0:00:28]} 25. Bb5 {[%emt 0:00:17]} Na5 {[%emt 0:00:11]} 26. Rbe1 {[%emt 0:00:42]} Nd5 {[%emt 0:00:15]} 27. h4 {[%emt 0:01:07]} g4 {[%emt 0:01:06]} 28. Ne5 {[%emt 0:00:14]} Qg7 {[%emt 0:00:05]} 29. h5 {[%emt 0:00:37]} Nf6 {[%emt 0:00:37]} 30. Bh4 {[%emt 0:00:35]} Rf8 {[%emt 0:00:54]} 31. Bxf6 {[%emt 0:00:23]} Qxf6 {[%emt 0:00:30]} 32. Re4 {[%emt 0:00:21]} Qf5 {[%emt 0:00:39]} 33. Rxg4+ {[%emt 0:00:08]} Kh7 {[%emt 0:00:08]} 34. Bd3 {[%emt 0:00:07]} Nc6 {[%emt 0:01:00]} 35. Bxf5+ {[%emt 0:00:08]} Rxf5 {[%emt 0:00:03]} 36. Ng6 {[%emt 0:00:34]} Bd7 {[%emt 0:00:09]} 37. Nh4 {[%emt 0:00:07]} Rbf8 {[%emt 0:00:04]} 38. Nxf5 {[%emt 0:00:04]} exf5 {[%emt 0:00:04]} 39. Rg6 {[%emt 0:00:04]} Rf7 {[%emt 0:00:05]} 40. Qc1 {[%emt 0:00:08]} 1-0

[Event "FIDE Online-ch U10 Girls 2020"]
[Site "Online"]
[Date "2020.12.19"]
[Round "3.1"]
[White "Kaliakhmet, Elnaz"]
[Black "Preobrazhenskaya, Diana"]
[Result "1-0"]
[WhiteElo "1426"]
[BlackElo "1629"]
[Annotator "NA RC"]
[PlyCount "101"]
[EventDate "2020.12.18"]
[EventType "k.o."]
[EventCountry "NET"]
[SourceTitle "playchess.com"]
[Source "ChessBase"]
[SourceQuality "1"]

1. d4 {[%emt 0:00:00]} g6 {[%emt 0:00:09]} 2. c4 {[%emt 0:00:11]} Bg7 {[%emt 0:00:10]} 3. Nc3 {[%emt 0:00:17]} d6 {[%emt 0:00:13]} 4. e4 {[%emt 0:00:05]} Nd7 {[%emt 0:00:10]} 5. Be2 {[%emt 0:00:12]} e5 {[%emt 0:00:09]} 6. d5 {[%emt 0:00:12]} Ne7 {[%emt 0:00:05]} 7. Be3 {[%emt 0:00:34]} O-O {[%emt 0:00:32]} 8. Qd2 {[%emt 0:00:31]} f5 {[%emt 0:01:13]} 9. f3 {[%emt 0:01:11]} Nf6 {[%emt 0:01:54]} 10. h3 {[%emt 0:01:10]} Qe8 {[%emt 0:02:08]} 11. g4 {[%emt 0:00:48]} f4 {[%emt 0:00:37]} 12. Bf2 {[%emt 0:00:15]} a6 {[%emt 0:00:24]} 13. Qc1 {[%emt 0:01:41]} Bd7 {[%emt 0:00:53]} 14. a4 {[%emt 0:00:37]} b6 {[%emt 0:00:50]} 15. Bd3 {[%emt 0:02:04]} Rb8 {[%emt 0:00:42]} 16. Nge2 {[%emt 0:00:33]} Qc8 {[%emt 0:01:12]} 17. Rg1 {[%emt 0:00:45]} c6 {[%emt 0:01:26]} 18. b4 {[%emt 0:01:42]} a5 {[%emt 0:00:51]} 19. Qb2 {[%emt 0:00:43]} Qc7 {[%emt 0:00:50]} 20. Rc1 {[%emt 0:01:20]} Qb7 {[%emt 0:00:54]} 21. Rb1 {[%emt 0:00:32]} Qa8 {[%emt 0:00:16]} 22. Qa3 {[%emt 0:01:03]} c5 {[%emt 0:01:05]} 23. bxc5 {[%emt 0:00:18]} bxc5 {[%emt 0:00:07]} 24. Nb5 {[%emt 0:00:14]} Qa6 {[%emt 0:00:27]} 25. Nec3 {[%emt 0:00:28]} Rb6 {[%emt 0:00:30]} 26. Kd2 {[%emt 0:00:21]} Nc8 {[%emt 0:00:20]} 27. Nc7 {[%emt 0:00:19]} Qb7 {[%emt 0:00:13]} 28. N7b5 {[%emt 0:00:12]} Qb8 {[%emt 0:00:28]} 29. Rb2 {[%emt 0:00:27]} Na7 {[%emt 0:00:11]} 30. Rgb1 {[%emt 0:00:06]} Nxb5 {[%emt 0:00:12]} 31. Nxb5 {[%emt 0:00:07]} Bxb5 {[%emt 0:00:21]} 32. Rxb5 {[%emt 0:00:04]} Nd7 {[%emt 0:00:25]} 33. Qb3 {[%emt 0:00:51]} Rxb5 {[%emt 0:00:05]} 34. Qxb5 {[%emt 0:00:02]} Qd8 {[%emt 0:00:17]} 35. Qc6 {[%emt 0:00:13]} Nb8 {[%emt 0:00:09]} 36. Qb6 {[%emt 0:00:20]} Qe7 {[%emt 0:00:17]} 37. Qxa5 {[%emt 0:00:10]} Qg5 {[%emt 0:00:05]} 38. Qa7 {[%emt 0:00:08]} Qd8 {[%emt 0:00:11]} 39. Rb7 {[%emt 0:00:04]} Bf6 {[%emt 0:00:08]} 40. Rxh7 {[%emt 0:00:15]} Qc8 {[%emt 0:00:11]} 41. g5 {[%emt 0:00:20]} Bh8 {[%emt 0:00:17]} 42. Rc7 {[%emt 0:00:08]} Qxh3 {[%emt 0:00:08]} 43. Rb7 {[%emt 0:00:09]} Qg2 {[%emt 0:00:04]} 44. Ke2 {[%emt 0:00:04]} Na6 {[%emt 0:00:18]} 45. Qxa6 {[%emt 0:00:04]} Rd8 {[%emt 0:00:07]} 46. Qb6 {[%emt 0:00:05]} Qxg5 {[%emt 0:00:08]} 47. Qc7 {[%emt 0:00:02]} Qf6 {[%emt 0:00:14]} 48. Qh7+ {[%emt 0:00:07]} Kf8 {[%emt 0:00:04]} 49. Bh4 {[%emt 0:00:08]} g5 {[%emt 0:00:12]} 50. Bxg5 {[%emt 0:00:07]} Rd7 {[%emt 0:00:10]} 51. Rxd7 {[%emt 0:00:05]} 1-0

[Event "FIDE Online-ch U10 Girls 2020"]
[Site "Online"]
[Date "2020.12.19"]
[Round "3.2"]
[White "Preobrazhenskaya, Diana"]
[Black "Kaliakhmet, Elnaz"]
[Result "1-0"]
[WhiteElo "1629"]
[BlackElo "1426"]
[Annotator "NA RC"]
[PlyCount "129"]
[EventDate "2020.12.18"]
[EventType "k.o."]
[EventCountry "NET"]
[SourceTitle "playchess.com"]
[Source "ChessBase"]
[SourceQuality "1"]

1. e4 {[%emt 0:00:00]} c5 {[%emt 0:00:05]} 2. Nf3 {[%emt 0:00:05]} e6 {[%emt 0:00:03]} 3. c3 {[%emt 0:00:03]} Nf6 {[%emt 0:00:03]} 4. e5 {[%emt 0:00:23]} Nd5 {[%emt 0:00:04]} 5. d4 {[%emt 0:00:33]} cxd4 {[%emt 0:00:03]} 6. cxd4 {[%emt 0:00:05]} d6 {[%emt 0:00:03]} 7. Bc4 {[%emt 0:00:19]} Nc6 {[%emt 0:00:58]} 8. O-O {[%emt 0:00:31]} Be7 {[%emt 0:00:12]} 9. Nc3 {[%emt 0:00:39]} Nxc3 {[%emt 0:02:42]} 10. bxc3 {[%emt 0:00:07]} O-O {[%emt 0:00:35]} 11. Qc2 {[%emt 0:00:25]} h6 {[%emt 0:00:47]} 12. Bf4 {[%emt 0:00:24]} Qc7 {[%emt 0:00:29]} 13. Bd3 {[%emt 0:00:28]} Rd8 {[%emt 0:00:46]} 14. Qe2 {[%emt 0:00:51]} dxe5 {[%emt 0:02:50]} 15. dxe5 {[%emt 0:01:10]} Bf8 {[%emt 0:00:15]} 16. Qe4 {[%emt 0:01:35]} g6 {[%emt 0:00:16]} 17. h4 {[%emt 0:00:35]} Ne7 {[%emt 0:00:47]} 18. h5 {[%emt 0:01:10]} Qc6 {[%emt 0:01:39]} 19. hxg6 {[%emt 0:00:42]} Nxg6 {[%emt 0:01:10]} 20. Qxc6 {[%emt 0:00:36]} bxc6 {[%emt 0:00:04]} 21. Bxg6 {[%emt 0:00:11]} fxg6 {[%emt 0:00:03]} 22. Rab1 {[%emt 0:00:45]} Ba6 {[%emt 0:00:24]} 23. Rfe1 {[%emt 0:00:31]} c5 {[%emt 0:00:11]} 24. Be3 {[%emt 0:00:28]} g5 {[%emt 0:00:27]} 25. Nh2 {[%emt 0:00:29]} Bg7 {[%emt 0:00:46]} 26. Bxc5 {[%emt 0:00:30]} Rd5 {[%emt 0:00:31]} 27. Bd4 {[%emt 0:00:16]} h5 {[%emt 0:00:18]} 28. Nf3 {[%emt 0:00:22]} Bh6 {[%emt 0:00:24]} 29. Nd2 {[%emt 0:00:32]} Kf7 {[%emt 0:00:39]} 30. Ne4 {[%emt 0:00:09]} g4 {[%emt 0:00:22]} 31. Nf6 {[%emt 0:00:51]} Ra5 {[%emt 0:00:07]} 32. Rb2 {[%emt 0:00:25]} Kg6 {[%emt 0:00:22]} 33. Ne4 {[%emt 0:00:34]} Bc4 {[%emt 0:00:15]} 34. Nd6 {[%emt 0:00:31]} Rxa2 {[%emt 0:00:26]} 35. Nxc4 {[%emt 0:00:07]} Rxb2 {[%emt 0:00:09]} 36. Nxb2 {[%emt 0:00:03]} a5 {[%emt 0:00:03]} 37. Ra1 {[%emt 0:00:09]} Bg7 {[%emt 0:00:16]} 38. Ra4 {[%emt 0:00:26]} Kf5 {[%emt 0:00:07]} 39. Nc4 {[%emt 0:00:10]} h4 {[%emt 0:00:32]} 40. Rxa5 {[%emt 0:00:18]} Rb8 {[%emt 0:00:08]} 41. Nd6+ {[%emt 0:00:07]} Kg6 {[%emt 0:00:04]} 42. Rb5 {[%emt 0:00:19]} Ra8 {[%emt 0:00:03]} 43. Rb1 {[%emt 0:00:26]} Bh6 {[%emt 0:00:09]} 44. Be3 {[%emt 0:00:09]} Bg7 {[%emt 0:00:06]} 45. Bf4 {[%emt 0:00:09]} Ra4 {[%emt 0:00:06]} 46. c4 {[%emt 0:00:06]} h3 {[%emt 0:00:12]} 47. gxh3 {[%emt 0:00:09]} gxh3 {[%emt 0:00:02]} 48. Kh2 {[%emt 0:00:09]} Ra3 {[%emt 0:00:06]} 49. Rg1+ {[%emt 0:00:09]} Kh7 {[%emt 0:00:03]} 50. Rg3 {[%emt 0:00:16]} Ra2 {[%emt 0:00:10]} 51. Rxh3+ {[%emt 0:00:04]} Kg8 {[%emt 0:00:09]} 52. Kg2 {[%emt 0:00:07]} Rc2 {[%emt 0:00:15]} 53. Rb3 {[%emt 0:00:10]} Kh7 {[%emt 0:00:10]} 54. Rb7 {[%emt 0:00:08]} Kg6 {[%emt 0:00:11]} 55. Re7 {[%emt 0:00:21]} Rc3 {[%emt 0:00:12]} 56. Rxe6+ {[%emt 0:00:07]} Kh5 {[%emt 0:00:04]} 57. Bg3 {[%emt 0:00:21]} Rd3 {[%emt 0:00:12]} 58. Nf5 {[%emt 0:00:07]} Bf8 {[%emt 0:00:08]} 59. Rf6 {[%emt 0:00:24]} Rd8 {[%emt 0:00:10]} 60. e6 {[%emt 0:00:55]} Re8 {[%emt 0:00:21]} 61. e7 {[%emt 0:00:39]} Bxe7 {[%emt 0:00:06]} 62. Ng7+ {[%emt 0:00:08]} Kg5 {[%emt 0:00:06]} 63. Nxe8 {[%emt 0:00:07]} Bxf6 {[%emt 0:00:04]} 64. Nxf6 {[%emt 0:00:01]} Kxf6 {[%emt 0:00:02]} 65. c5 {[%emt 0:00:05]} 1-0

[Event "FIDE Online-ch U10 Girls 2020"]
[Site "Online"]
[Date "2020.12.19"]
[Round "3.2"]
[White "Bashirli, Saadat"]
[Black "Vidyarthi, Omya"]
[Result "0-1"]
[WhiteElo "1320"]
[BlackElo "1709"]
[Annotator "NA RC"]
[PlyCount "92"]
[EventDate "2020.12.18"]
[EventType "k.o."]
[EventCountry "NET"]
[SourceTitle "playchess.com"]
[Source "ChessBase"]
[SourceQuality "1"]

1. d4 {[%emt 0:00:00]} d5 {[%emt 0:00:03]} 2. Bg5 {[%emt 0:00:04]} f6 {[%emt 0:00:04]} 3. Bf4 {[%emt 0:00:03]} Nc6 {[%emt 0:00:02]} 4. Nf3 {[%emt 0:00:04]} g5 {[%emt 0:00:07]} 5. Bg3 {[%emt 0:00:08]} g4 {[%emt 0:00:03]} 6. Nh4 {[%emt 0:00:08]} e5 {[%emt 0:00:05]} 7. e3 {[%emt 0:00:14]} f5 {[%emt 0:00:05]} 8. dxe5 {[%emt 0:00:18]} Be7 {[%emt 0:00:05]} 9. Nc3 {[%emt 0:01:01]} Bxh4 {[%emt 0:00:10]} 10. Bxh4 {[%emt 0:00:03]} Qxh4 {[%emt 0:00:02]} 11. Qxd5 {[%emt 0:00:03]} Qe7 {[%emt 0:00:25]} 12. Bb5 {[%emt 0:00:41]} Bd7 {[%emt 0:00:20]} 13. O-O-O {[%emt 0:00:16]} O-O-O {[%emt 0:00:12]} 14. Qc4 {[%emt 0:00:56]} Nh6 {[%emt 0:00:57]} 15. Qa4 {[%emt 0:01:57]} Kb8 {[%emt 0:00:12]} 16. e4 {[%emt 0:00:34]} Qxe5 {[%emt 0:00:31]} 17. exf5 {[%emt 0:00:28]} Nxf5 {[%emt 0:00:48]} 18. Rhe1 {[%emt 0:00:35]} Qg7 {[%emt 0:00:40]} 19. Rd5 {[%emt 0:01:41]} Nd6 {[%emt 0:00:24]} 20. Qf4 {[%emt 0:02:58]} Rhf8 {[%emt 0:00:29]} 21. Qd2 {[%emt 0:00:10]} Qf6 {[%emt 0:00:38]} 22. Re2 {[%emt 0:00:33]} Qf4 {[%emt 0:00:23]} 23. Re3 {[%emt 0:00:30]} Qxf2 {[%emt 0:00:09]} 24. Be2 {[%emt 0:00:33]} Qf4 {[%emt 0:01:01]} 25. g3 {[%emt 0:00:13]} Qh6 {[%emt 0:00:10]} 26. Bd3 {[%emt 0:00:34]} Rfe8 {[%emt 0:00:13]} 27. Ne4 {[%emt 0:00:27]} Nxe4 {[%emt 0:00:24]} 28. Bxe4 {[%emt 0:00:09]} Bf5 {[%emt 0:00:39]} 29. Rxd8+ {[%emt 0:01:22]} Rxd8 {[%emt 0:00:02]} 30. Bd3 {[%emt 0:00:08]} Bxd3 {[%emt 0:00:10]} 31. cxd3 {[%emt 0:00:04]} Nb4 {[%emt 0:00:20]} 32. Kd1 {[%emt 0:00:43]} Nd5 {[%emt 0:00:33]} 33. Re2 {[%emt 0:00:13]} Qg6 {[%emt 0:00:43]} 34. Kc1 {[%emt 0:00:27]} Nb6 {[%emt 0:00:25]} 35. d4 {[%emt 0:00:27]} a6 {[%emt 0:00:18]} 36. Re7 {[%emt 0:00:09]} Re8 {[%emt 0:00:56]} 37. Re5 {[%emt 0:01:09]} Nc4 {[%emt 0:00:39]} 38. Qf4 {[%emt 0:00:44]} Nxe5 {[%emt 0:00:06]} 39. dxe5 {[%emt 0:00:04]} Qe6 {[%emt 0:00:05]} 40. Qe4 {[%emt 0:00:24]} Qxe5 {[%emt 0:00:04]} 41. Qxh7 {[%emt 0:00:02]} Qe1+ {[%emt 0:00:12]} 42. Kc2 {[%emt 0:00:03]} Qe4+ {[%emt 0:00:03]} 43. Qxe4 {[%emt 0:00:03]} Rxe4 {[%emt 0:00:02]} 44. Kd2 {[%emt 0:00:02]} c6 {[%emt 0:00:03]} 45. Kd3 {[%emt 0:00:04]} Re1 {[%emt 0:00:04]} 46. Kd2 {[%emt 0:00:06]} Rh1 {[%emt 0:00:01]} 0-1